000 01123nam0a22002531 4500
001 rc\901577
005 20260406153552.0
035 _a(NLR Aleph) 006077119
090 _a5058278
_c5058278
100 _a20041129d1984 |||y0rusy50 ca
101 0 _arus
102 _aRU
105 _ay |||||||||
200 1 _aРазвитие трудовой и политической активности трудящихся Калмыкии в период социализма
_e[Сб. ст.]
_fКалм. НИИ истории, филологии и экономики
_g[Редкол.: А.И. Наберухин (отв. ред.) и др.]
210 _aЭлиста
_cКалмНИИИФЭ
_d1984
215 _a151 с.
_d21
320 _aБиблиогр. в примеч. в конце ст.
702 1 _aНаберухин
_bА.И.
_gАркадий Исаевич
_4340
712 0 2 _aКалмыцкий НИИ истории, филологии и экономики
_cЭлиста
_3RU\NLR\AUTH\889928957
_9353460
801 0 _aRU
_bNLR
_gpsbo
801 1 _aRU
_bELAR
_2rusmarc
852 _aNLR
_j85-3/12482
942 _cBOOK
980 _aNB